Destino Chiapas (Record no. 10492)
[ view plain ]
| 000 -CABECERA | |
|---|---|
| campo de control de longitud fija | 00972nam a2200277 a 4500 |
| 001 - NÚMERO DE CONTROL | |
| campo de control | BRL_1683 |
| 005 - FECHA Y HORA DE LA ÚLTIMA TRANSACCIÓN | |
| campo de control | 20190320211325.0 |
| 008 - DATOS DE LONGITUD FIJA--INFORMACIÓN GENERAL | |
| campo de control de longitud fija | 280414s2008----mx-abo####---#000-0#spa-# |
| 020 ## - NÚMERO INTERNACIONAL ESTÁNDAR DEL LIBRO | |
| Número Internacional Estándar del Libro | 9788486279561 |
| 041 ## - CÓDIGO DE LENGUA | |
| Código de lengua del texto/banda sonora o título independiente | spa |
| 044 ## - CÓDIGO DEL PAÍS DE LA ENTIDAD EDITORA/PRODUCTORA | |
| Código MARC del país | mx |
| 050 #4 - SIGNATURA TOPOGRÁFICA DE LA BIBLIOTECA DEL CONGRESO | |
| Número de clasificación | F1256 |
| Número de documento/Ítem | .Z37 2008 |
| 100 1# - ENTRADA PRINCIPAL--NOMBRE DE PERSONA | |
| Nombre de persona | Zarebska, Carla |
| 9 (RLIN) | 27626 |
| 245 10 - MENCIÓN DE TÍTULO | |
| Título | Destino Chiapas |
| Mención de responsabilidad, etc. | Carla Zarebska edición, investigación y textos. |
| 260 ## - PUBLICACIÓN, DISTRIBUCIÓN, ETC. | |
| Lugar de publicación, distribución, etc. | Chiapas, Chis. |
| Nombre del editor, distribuidor, etc. | Chiapas Gobierno del Estado : Zare Books |
| Fecha de publicación, distribución, etc. | 2008 |
| 300 ## - DESCRIPCIÓN FÍSICA | |
| Extensión | 445 p. |
| Otras características físicas | il., mapas, fotografías (a color) |
| Dimensiones | 34 cm. |
| 500 ## - NOTA GENERAL | |
| Nota general | Donado por la autora al Museo Ruth Lechuga, Mayo 2011 |
| 500 ## - NOTA GENERAL | |
| Nota general | Ejemplar integrado de manera póstuma a la colección Ruth D. Lechuga |
| 500 ## - NOTA GENERAL | |
| Nota general | Au2251 |
| 504 ## - NOTA DE BIBLIOGRAFÍA, ETC. | |
| Nota de bibliografía, etc. | Bibliografía : p. 433-440 |
| 651 #4 - PUNTO DE ACCESO ADICIONAL DE MATERIA--NOMBRE GEOGRÁFICO | |
| Nombre geográfico | Chiapas (México) |
| Subdivisión general | Descripción y viajes |
| 9 (RLIN) | 4604 |
| 651 #4 - PUNTO DE ACCESO ADICIONAL DE MATERIA--NOMBRE GEOGRÁFICO | |
| Nombre geográfico | Chiapas (México) |
| Subdivisión general | Vida social y costumbres |
| 9 (RLIN) | 417 |
| 651 #4 - PUNTO DE ACCESO ADICIONAL DE MATERIA--NOMBRE GEOGRÁFICO | |
| Nombre geográfico | Chiapas (México) |
| Subdivisión general | Historia |
| 9 (RLIN) | 27627 |
| 902 ## - CATALOGADOR | |
| Iniciales | GRL |
| 942 ## - ELEMENTOS DE PUNTO DE ACCESO ADICIONAL (KOHA) | |
| Fuente del sistema de clasificación o colocación | Library of Congress Classification |
| Tipo de ítem Koha | Libros |
| Estado de retiro | Estado de pérdida | Estado dañado | No para préstamo | Localización permanente | Ubicación/localización actual | Fecha de adquisición | Número de inventario | Total de préstamos | Signatura topográfica completa | Código de barras | Fecha visto por última vez | Precio válido a partir de | Tipo de ítem Koha |
|---|---|---|---|---|---|---|---|---|---|---|---|---|---|
| El ejemplar forma parte de la colección y puede ser consultado según las políticas vigentes. | Biblioteca Centro de Estudios Ruth D. Lechuga | Biblioteca Centro de Estudios Ruth D. Lechuga | 28/04/2014 | Au2251 | F1256 .Z37 2008 (Au2251) | GRL01854 | 22/03/2019 | 22/03/2019 | Libros |